| 000 | 01146nac a22003011u 4500 | ||
|---|---|---|---|
| 003 | EG-ScBUE | ||
| 005 | 20220406120105.0 | ||
| 008 | 090524s1996 ii f b 001 d eng d | ||
| 040 |
_aEG-ScBUE _beng _erda _cEG-ScBUE _dEG-ScBUE |
||
| 082 | 0 | 4 |
_a822.33 _bSHA _222 |
| 100 | 1 |
_aShakespeare, William, _d1564-1616, _eauthor. _94958 |
|
| 245 | 1 | 4 |
_aThe tempest : _ban exhaustive critical study of the play with text / _cWilliam Shakespeare ; by B. P. Chaudhuri, Department of English, Hans Raj College, University of Delhi. |
| 250 | _aSeventeenth edition. | ||
| 264 | 1 |
_aNew Delhi : _bAarti Book Centre, _c1996. |
|
| 300 |
_axxiv, 328 pages ; _c21 cm |
||
| 336 |
_2rdacontent _atext _btxt |
||
| 337 |
_2rdamedia _aunmediated _bn |
||
| 338 |
_2rdacarrier _avolume _bnc |
||
| 504 | _aIncludes bibliographical references and index. | ||
| 650 | 7 |
_aFathers and daughters _vDrama. _2BUEsh _94957 |
|
| 650 | 7 |
_aPolitical refugees _vDrama. _2BUEsh |
|
| 650 | 7 |
_aShipwreck victims _vDrama. _2BUEsh |
|
| 651 | _2BUEsh | ||
| 653 |
_bHHUUEENN _cApril2022 |
||
| 655 |
_vReading book _934232 |
||
| 700 | 1 |
_aChaudhuri, B. P., _eauthor. |
|
| 942 |
_cBB _k822.33 SHA _2ddc |
||
| 999 |
_c11579 _d11579 |
||